000 00412nam a2200157Ia 4500
008 230719s9999 xx 000 0 und d
041 _aeng
082 _a541.3
_bBAH
100 _aBahl B.S.
_9203700
245 _aEssentials Of Physical Chemistry
250 _a23rd ed.
260 _c1994
_bS.Chand & Company Ltd.
300 _a866
365 _cRs.
_b95.00
700 _aBahl B.S.; Tuli G.D. & Bahl A.
_9203701
999 _c353968
_d353968